LEADER 01616nam a2200361 u 4500 001 000000060141 003 CaOOAMICUS 005 20070226120858.0 008 010716s1970 gw u000 u ger u 035 $a10897404 040 $aPUL(R)$bita 100 1 $aBecker, Karl Josef,$cS.I.$0(OLS)http://pul/name/13306 245 14$aDer Priesterliche Dienst.$nII,$pWesen und Vollmachten des Priestertums nach dem Lehramt /$cvon Karl J. Becker. 246 30$aWesen und Vollmachten des Priestertums nach dem Lehramt 260 $aFreiburg :$bHerder,$cc1970. 300 $a177 p. ;$c23 cm 490 1 $aQuaestiones disputatae ;$v47 504 $aBibliografia in nota. 650 4$aSacerdozio.$0(OLS)http://pul/subject/211 650 4$aChiesa$xStoria.$0(OLS)http://pul/subject/128 650 4$aMagistero ecclesiastico.$0(OLS)http://pul/subject/2042 830 0$aQuaestiones disputatae (Herder) ;$v47.$0(OLS)http://pul/title/18243 850 $aPUL 852 $aPUL$W1$xSL Religione 2$y84$mTheol A6 47$j78362$nBK-PRI$b $qStampati altre collocazioni$B78362$CPULBib$Z2$F78362 $H $81 941 1 $a10 960 $aOrdine sacro$9211 960 $aOrdine sacro$9211 960 $aStoria della chiesa$9128 960 $aStoria ecclesiastica$9128 961 $aINV: 32623 996 $6245$aDer Priesterliche Dienst.$nII,$pWesen und Vollmachten des Priestertums nach dem Lehramt$9(OLS)http://pul/title/80394 996 $6246$aWesen und Vollmachten des Priestertums nach dem Lehramt$9(OLS)http://pul/title/80395 996 $6260$aFreiburg :$bHerder$9(OLS)http://pul/publisher/48354 LEADER 01963nam a2200337 u 4500 001 000000001235 003 CaOOAMICUS 005 20070226104306.0 008 941007s1966 be u000 u lat u 035 $a10027940 040 $aPUL(R)$bita 041 1 $alat$agrc 100 0 $aAristoteles,$d384-322 a.C.$0(OLS)http://pul/name/792 240 10$aCategoriae$9(Aristoteles, 384-322 a.C.).$lLatino.$0(OLS)http://pul/title/1811 245 10$aCategoriarum supplementa :$bPorphyrii Isagoge, translatio Boethii et Anonymi fragmentum vulgo vocatum "Liber sex principiorum" /$caccedunt Isagoges fragmenta M. Victorino interprete et specimina translationum recentiorum Categorianum ; edidit Laurentius Mino-Paluello adiuvante Bernardo G. Dod. 260 $aBruges :$bDesclée de Brouwer,$c1966. 300 $alxvii, 132 p. ;$c26 cm 490 1 $aUnion académique internationale. Corpus philosophorum medii aevi academiarum consociatarum auspiciis et consilio editum. Aristoteles latinum ;$vI, 6-7. 700 1 $aMinio Paluello, Lorenzo,$d1907-1986.$0(OLS)http://pul/name/1383 700 02$aPorphyrius Tyrius,$d232/233-305?.$tIsagoge$9(Porphyrius, di Tiro, 233-301/4).$0(OLS)http://pul/name/1387 740 0 $aLiber sex principiorum. 830 0$aCorpus philosophorum Medii Aevi.$pAristoteles latinus ;$vI, 6-7.$0(OLS)http://pul/title/996 850 $aPUL 852 $aPUL$W1$xSL Filosofia 1$y2$m82 M 1.1.6-7$j190213$nBK-PRI$b $qStampati$B1591$CPULBib$Z2$F1591 $H32728 $81 900 $aAristotle,$d 384-322 a.C.$9792 900 $aAristotele,$d384-322 a.C.$9792 941 1 $a8 961 $aINV: 32728 996 $6245$aCategoriarum supplementa :$bPorphyrii Isagoge, translatio Boethii et Anonymi fragmentum vulgo vocatum "Liber sex principiorum"$9(OLS)http://pul/title/1813 996 $6740$aLiber sex principiorum$9(OLS)http://pul/title/1814 996 $6260$aBruges :$bDesclée de Brouwer$9(OLS)http://pul/publisher/48305